आदिवासियों की पारम्परिक स्वशासन व्यवस्था एवं पंचायती राज : (Record no. 16934)

MARC details
000 -LEADER
fixed length control field 01548nam a22002777a 4500
005 - DATE AND TIME OF LATEST TRANSACTION
control field 20081021100252.0
008 - FIXED-LENGTH DATA ELEMENTS--GENERAL INFORMATION
fixed length control field 081021t xxu||||| |||| 00| 0 hin d
010 ## - LCCN (DPL NO)
LC control number HIN-84467
020 ## - INTERNATIONAL STANDARD BOOK NUMBER
International Standard Book Number 97881436658
Terms of availability 200.00
035 ## - SYSTEM CONTROL NUMBER
System control number HN-56813
037 ## - SOURCE OF ACQUISITION
Source of stock number/acquisition DBAD / PUB
040 ## - CATALOGING SOURCE
Original cataloging agency DPL
Language of cataloging HN
082 ## - DEWEY DECIMAL CLASSIFICATION NUMBER
Classification number 321.1095453
245 ## - TITLE STATEMENT
Title आदिवासियों की पारम्परिक स्वशासन व्यवस्था एवं पंचायती राज :
Statement of responsibility, etc सुधीर पाल द्वारा संपादित
Remainder of title (संदर्भ झारखण्ड) /
246 ## - VARYING FORM OF TITLE
Title proper/short title Aadivasiyon ki paramparik swasasan vyawasthaa evam panchayati raj
Remainder of title edited by Sudhir Pal
260 ## - PUBLICATION, DISTRIBUTION, ETC. (IMPRINT)
Place of publication, distribution, etc नई दिल्ली
Name of publisher, distributor, etc वाणी प्रकाशन
Date of publication, distribution, etc 2007
270 ## - ADDRESS
Address 21-ए, दरियागंज
City नई दिल्ली
Postal code 110002
Telephone number 23273167
Fax number 23275710
Electronic mail address vaniprakashan@gmail.com
300 ## - PHYSICAL DESCRIPTION
Extent 104पृ
Dimensions 22सेमी (सजिल्द)
650 ## - SUBJECT ADDED ENTRY--TOPICAL TERM
Topical term or geographic name as entry element जनजाति सरकार
Geographic subdivision भारत
-- झारखण्ड
650 ## - SUBJECT ADDED ENTRY--TOPICAL TERM
Topical term or geographic name as entry element Tribal government
Geographic subdivision India
-- Jharkhand
650 ## - SUBJECT ADDED ENTRY--TOPICAL TERM
Topical term or geographic name as entry element पंचायत
Geographic subdivision भारत
-- झारखण्ड
650 ## - SUBJECT ADDED ENTRY--TOPICAL TERM
Topical term or geographic name as entry element Panchayat
Geographic subdivision India
-- Jharkhand
700 ## - ADDED ENTRY--PERSONAL NAME
Personal name पाल, सुधीर
942 ## - ADDED ENTRY ELEMENTS (KOHA)
Source of classification or shelving scheme Dewey Decimal Classification
Item type Hindi Books
Call number suffix आदिवा
Classification part 321.1095453
Holdings
Withdrawn status Lost status Source of classification or shelving scheme Damaged status Not for loan Collection code Home library Current library Date acquired Source of acquisition Cost, normal purchase price Total Checkouts Full call number Barcode Date last seen Copy number Cost, replacement price Koha item type
    Dewey Decimal Classification   Not For Loan Non-fiction D.B.Act.Division D.B.Act.Division 21/10/2008 DBAD / PUB 200.00   321.1095453 आदिवा HN-56813 21/10/2008 1 200.00 Hindi Books

© Delhi Public Library
Hit Counter
free hit counter